Countries With 1 Trillion GDP - Sudden Death - Statistics

General Stats
  • This quiz has been taken 259 times
  • The average score is 9 of 17
Answers on the Grid
Answers color-coded by a green-red scale on the quiz's grid according to % correct below.
Australia
Brazil
Canada
China
Egypt
France
Germany
India
Indonesia
Iran
Israel
Italy
Japan
Mexico
Netherlands
Nigeria
Philippines
Poland
Russia
Saudi Arabia
South Africa
South Korea
Spain
Sweden
Switzerland
Thailand
Turkey
United Arab Emirates
United Kingdom
United States
 
Answer Stats
Answer % Correct
China
81%
Germany
75%
Japan
72%
France
70%
India
68%
United States
65%
Brazil
60%
United Kingdom
60%
Canada
57%
Italy
49%
Australia
47%
Russia
42%
South Korea
36%
Indonesia
34%
Mexico
32%
Saudi Arabia
27%
Spain
21%
No matching quizzes found
Score Distribution
Percent of People with Each Score
Percentile by Number Answered
Your Score History
You have not taken this quiz